| 000 | 00414ntaaa2200169 4500 | ||
|---|---|---|---|
| 003 | 01 | ||
| 005 | 20251027201620.0 | ||
| 008 | 0714s1973 ag 01 | ||
| 040 |
_aAR-BaBN _bspa _cAR-BaBN _eaacr _dRIC |
||
| 082 | _a248.3000 P27d | ||
| 100 |
_aPatten, Bebe _914905 |
||
| 245 | _aDevuélveme mi alma | ||
| 250 | _a1 ed. | ||
| 260 |
_aEl Paso : _bCasa Bautista de Publicaciones, _c1975 |
||
| 300 | _a166 p | ||
| 942 | _cBK | ||
| 999 |
_c10811 _d10811 |
||